00429nam a2200157Ia 4500003000400000008004100004040001600045082001500061100001800076245007800094260005100172300001000223650001500233650001000248650001300258GCL140319s9999 xx 000 0 eng d aGCL / cGCL04a821.1bR I1 aRAABE, PAMELA10aIMITATING GOD: THE ALLEGORY AT FAITH IN PIERS PLOWMAN B / cRAABE, PAMELA a[S.N] : bUNIVERSITY OF GEORIA PRESS ، c1990 a196 P04aLITERATURE04aFAITH04aALLEGORY